000 00532cam a2200217ua 4500
001 7205
005 20260515114153.0
008 141203n ii |||gr||||Z||||||eng
020 _a9788125931294
040 _cMAIN
041 _aeng
082 _a657
100 _aMaheshwari, S.N.,
_eAuthor.
245 _aCorporate accounting
_cBy S.N. Maheshwari
250 _a5th rev.
260 _aNew Delhi:
_bVikas,
_c2012.
300 _a3.322p.
653 _aCorporate accounting
700 _aMaheshwari, S.K..,
_eAuthor.
942 _cBK
999 _c6325
_d6325